LEADER 01356nam a2200313 a 4500 001 000000132017 003 CaOOAMICUS 005 20121210103645.0 008 121210s1995 it u000 u ita r 040 $aPUL$bita 100 1 $aFuret, François,$d1927-1997.$0(OLS)http://pul/name/15590 245 10$aControverso novecento /$cdialogo con ?Reset" di François Furet e Giuliano Procacci ; a cura di Antonio Carioti ; traduzione di Franca Mochi e Marina Valensise. 260 $aMilano :$bReset S.r.l.,$c©1995. 300 $a63 p. ;$c21 cm 490 1 $aI libri di Reset 500 $aSuppl. al n. 20 di Reset del 1995. 650 4$aStoria$ySec. XX.$0(OLS)http://pul/subject/19170 700 1 $aProcacci, Giuliano,$d1926-$0(OLS)http://pul/name/35626 700 1 $aValensise, Marina.$0(OLS)http://pul/name/40949 700 1 $aMochi, Franca.$0(OLS)http://pul/name/85027 700 1 $aCarioti, Antonio.$0(OLS)http://pul/name/81630 830 0$aLibri di Reset.$0(OLS)http://pul/title/164980 850 $aPUL 852 $aPUL$W1$xDP1 Fondo E. Rossi$y115$m1 F 81$j152055$qFondi$B151289$CPULBib$Z2$F151289 $82 941 1 $a1 961 $aSul dorso collocazione ms. di E. Rossi: F 48 996 $6245$aControverso novecento$9(OLS)http://pul/title/166809 996 $6260$aMilano :$bReset S.r.l.$9(OLS)http://pul/publisher/82132 LEADER 01444nam a2200301 i 4500 001 000000134544 003 CaOOAMICUS 005 20130624150238.0 008 130624s2001 xx m 000 b spa c 020 $z88 8333 025 0* 040 $aPUG$bita$dPUL 100 1 $aBosch, Vicente.$0(OLS)http://pul/name/68418 245 13$aEl concepto cristiano de "simplicitas" en el pensamiento agustiniano /$cVicente Bosch. 260 $aRomae :$b[s.n.],$c2001$fApollinare Studi 300 $a818 p.$c24 cm 490 1 $aDissertationes.$aSeries theologica ;$v04 502 $aTesi di dottorato in S.Teologia--Pontificia Universitas Sanctae Crucis, 2001. 504 $aBibliografia: pp. 265-278. 600 04$aAugustinus,$cs., vesc. d'Ippona,$d354-430$xFilosofia.$0(OLS)http://pul/subject/4423 710 2 $aPontificia Università della Santa Croce.$bFacoltà di teologia.$kTesi.$0(OLS)http://pul/name/81920 830 0$aDissertationes (Pontificia Università della Santa Croce).$pSeries theologica ;$v04.$0(OLS)http://pul/title/105683 850 $aPUL 852 $aPUL$W1$xDP1 Tesi Pon. Univ. S. Croce$y43$m2001 B 18$j150942$qTesi$B154263$CPULBib$Z2$F154263 $82 941 1 $a16 996 $6020$z88 8333 025 0*$9(OLS)http://pul/number/153102 996 $6245$aEl concepto cristiano de "simplicitas" en el pensamiento agustiniano$9(OLS)http://pul/title/170138 996 $6260$aRomae :$b[s.n.]$9(OLS)http://pul/publisher/48223